Oxford Hindi-English dictionary (Record no. 5452)

MARC details
000 -LEADER
fixed length control field 00538 a2200193 4500
001 - CONTROL NUMBER
control field 072215
003 - CONTROL NUMBER IDENTIFIER
control field OSt
005 - DATE AND TIME OF LATEST TRANSACTION
control field 20210927124548.0
008 - FIXED-LENGTH DATA ELEMENTS--GENERAL INFORMATION
fixed length control field
020 ## - INTERNATIONAL STANDARD BOOK NUMBER
International Standard Book Number 9780195638462(of 56th Impression, 2016)
082 ## - DEWEY DECIMAL CLASSIFICATION NUMBER
Classification number 491.43321
Item number O2O
245 1# - TITLE STATEMENT
Title Oxford Hindi-English dictionary
Statement of responsibility, etc edited by R.S. McGregor
260 ## - PUBLICATION, DISTRIBUTION, ETC. (IMPRINT)
Place of publication, distribution, etc New Delhi
Name of publisher, distributor, etc Oxford University
Date of publication, distribution, etc 2011, 2016
300 ## - PHYSICAL DESCRIPTION
Extent 1083p.
653 ## - INDEX TERM--UNCONTROLLED
Uncontrolled term Hindi language
653 ## - INDEX TERM--UNCONTROLLED
Uncontrolled term English language
700 ## - ADDED ENTRY--PERSONAL NAME
Personal name McGregor, R.S.
Relator term Editor
942 ## - ADDED ENTRY ELEMENTS (KOHA)
Source of classification or shelving scheme Dewey Decimal Classification
Koha item type Books
Holdings
Withdrawn status Lost status Source of classification or shelving scheme Damaged status Not for loan Collection code Home library Current library Date acquired Source of acquisition Cost, normal purchase price Full call number Barcode Checked out Date last seen Price effective from Koha item type
    Dewey Decimal Classification     General Text Book Central University Of Rajasthan Central University Of Rajasthan 07/03/2012 CMS 425.00 491.43321 O2O 7041 17/07/2017 02/09/2020 02/09/2020 Books
    Dewey Decimal Classification     General Text Book Central University Of Rajasthan Central University Of Rajasthan 10/04/2018 CLB   491.43321 O2O 30930 17/05/2018 02/09/2020 02/09/2020 Books